<?xml version="1.0" encoding="UTF-8"?>
<record
    xmlns:xsi="http://www.w3.org/2001/XMLSchema-instance"
    xsi:schemaLocation="http://www.loc.gov/MARC21/slim http://www.loc.gov/standards/marcxml/schema/MARC21slim.xsd"
    xmlns="http://www.loc.gov/MARC21/slim">

  <leader>00822nam a22002057a 4500</leader>
  <controlfield tag="005">20250214163955.0</controlfield>
  <controlfield tag="008">250214b           ||||| |||| 00| 0 eng d</controlfield>
  <datafield tag="020" ind1=" " ind2=" ">
    <subfield code="a">9789402419528</subfield>
  </datafield>
  <datafield tag="040" ind1=" " ind2=" ">
    <subfield code="c">AL</subfield>
  </datafield>
  <datafield tag="041" ind1=" " ind2=" ">
    <subfield code="a">eng</subfield>
  </datafield>
  <datafield tag="082" ind1=" " ind2=" ">
    <subfield code="2">23</subfield>
    <subfield code="a">530.141</subfield>
    <subfield code="b">DOBE</subfield>
  </datafield>
  <datafield tag="100" ind1=" " ind2=" ">
    <subfield code="a">Roland Dobbs</subfield>
    <subfield code="9">199902</subfield>
  </datafield>
  <datafield tag="245" ind1=" " ind2=" ">
    <subfield code="a">Electromagnetic waves</subfield>
  </datafield>
  <datafield tag="260" ind1=" " ind2=" ">
    <subfield code="a">London</subfield>
    <subfield code="b">Routledge and Kegan Paul Ltd.</subfield>
    <subfield code="c">2023</subfield>
  </datafield>
  <datafield tag="300" ind1=" " ind2=" ">
    <subfield code="a">ix,145p.</subfield>
    <subfield code="b">PB</subfield>
    <subfield code="c">20x13.2cm.</subfield>
  </datafield>
  <datafield tag="365" ind1=" " ind2=" ">
    <subfield code="2">General</subfield>
    <subfield code="a">6387</subfield>
    <subfield code="b">&#x20B9;556.00</subfield>
    <subfield code="c">&#x20B9;</subfield>
    <subfield code="d">&#x20B9;695.00</subfield>
    <subfield code="e">20%</subfield>
    <subfield code="f">06-02-2025</subfield>
  </datafield>
  <datafield tag="520" ind1=" " ind2=" ">
    <subfield code="a">Electromagnetism and relativity; Electromagnetic waves in space; Electromagnetic waves in directions; Reflections and refraction; Electromagnetic waves in conductors; Generations of Electromagnetic waves; Guided waves.</subfield>
  </datafield>
  <datafield tag="650" ind1=" " ind2=" ">
    <subfield code="2">Theoretical Physics</subfield>
    <subfield code="a">Field And String Theories</subfield>
    <subfield code="9">199903</subfield>
  </datafield>
  <datafield tag="942" ind1=" " ind2=" ">
    <subfield code="2">ddc</subfield>
    <subfield code="c">BK</subfield>
  </datafield>
  <datafield tag="999" ind1=" " ind2=" ">
    <subfield code="c">233792</subfield>
    <subfield code="d">233792</subfield>
  </datafield>
  <datafield tag="952" ind1=" " ind2=" ">
    <subfield code="0">0</subfield>
    <subfield code="1">0</subfield>
    <subfield code="2">ddc</subfield>
    <subfield code="4">0</subfield>
    <subfield code="7">0</subfield>
    <subfield code="8">PHY</subfield>
    <subfield code="a">SACPG</subfield>
    <subfield code="b">SACPG</subfield>
    <subfield code="d">2025-02-12</subfield>
    <subfield code="e">Biblios Book Point</subfield>
    <subfield code="g">556.00</subfield>
    <subfield code="l">0</subfield>
    <subfield code="o">530.141 DOBE</subfield>
    <subfield code="p">PG024930</subfield>
    <subfield code="r">2025-02-14 00:00:00</subfield>
    <subfield code="v">695.00</subfield>
    <subfield code="w">2025-02-14</subfield>
    <subfield code="y">BK</subfield>
  </datafield>
</record>
